Práva pôvodných obyvateľov v kontexte vnútroštátneho práva vybraných arktických štátov bakalárska práca

Enregistré dans:
Détails bibliographiques
Auteur principal: Hudák, Marek
Collectivité auteur: Fakulta medzinárodných vzťahov EU. Katedra medzinárodného práva
Autres auteurs: Harakaľová, Dorota, 1989-
Format: Livre
Langue:slovaque
Publié: Bratislava 2020
Tags: Ajouter un tag
Pas de tags, Soyez le premier à ajouter un tag!

MARC

LEADER 00000nbm a2200000 4500
001 0275331
005 20220221142954.2
041 0 |a slo 
044 |a SK 
245 1 0 |a Práva pôvodných obyvateľov v kontexte vnútroštátneho práva vybraných arktických štátov  |b bakalárska práca  |c Marek Hudák ; školiteľ: Dorota Harakaľová 
264 1 |a Bratislava  |c 2020 
300 |a 44 s. 
100 1 |a Hudák, Marek 
700 1 |a Harakaľová, Dorota, 1989- 
710 2 |a Fakulta medzinárodných vzťahov EU. Katedra medzinárodného práva